000 00542nam a2200145 a 4500
008 120416s1976 ||||||||||||||||| || u
050 _aHB 171 Gol
100 _aGoldberg, Kalman
245 1 0 _aOur changing economy: an introduction to economics
_cKalman Goldberg
260 _aBoston
_bLittle, Brown and Company
_c1976
300 _axvii, 495p. : ill.
350 _a0.00
650 0 _aECONOMICS
995 _D0.00
_FCBU-MAIN LIBRARY (Kitwe)
_H1
_I0.00
_M1
_UDAMAGED
_ZMain Library Open Access Collection
999 _c52970
_d52970